UBT Library

Quiet cataclysm : (Record no. 510)

000 -LEADER
fixed length control field 00576nam a22001817a 4500
008 - FIXED-LENGTH DATA ELEMENTS--GENERAL INFORMATION
fixed length control field 141003b xxu||||| |||| 00| 0 eng d
020 ## - INTERNATIONAL STANDARD BOOK NUMBER
International Standard Book Number 0673993272
041 0# - LANGUAGE CODE
Language code of text/sound track or separate title eng
080 ## - UNIVERSAL DECIMAL CLASSIFICATION NUMBER
Universal Decimal Classification number 355.48
100 ## - Rafti
Rafti Mueller, John E.
245 ## - TITLE STATEMENT
Title Quiet cataclysm :
Statement of responsibility, etc John Mueller.
260 ## -
-- New York, NY :
-- HarperCollins College Publishers,
-- 1995.
300 ## -
-- 221 f. :
-- me il ;
-- 23 cm.
505 ## -
-- References: f. (195-214)
505 ## -
-- Index: f. (215-221)
650 #0 -
-- Politika botërore
-- 1989
942 ## - ADDED ENTRY ELEMENTS (KOHA)
Source of classification or shelving scheme
Item type Books
Holdings
Withdrawn status Lost status Source of classification or shelving scheme Damaged status Not for loan Collection code Permanent location Current location Shelving location Date acquired Total Checkouts Full call number Barcode Date last seen Koha item type
          Koleksioni i përgjithshem UBT - Prishtine UBT - Prishtine Koleksioni i përgjithshem 10/03/2014   355.48 MUE 001-000584 10/03/2014 Books
UBT Library © 2015-2024. All rights reserved University Education for Business and Technology